| 000 | 00662nam a2200265Ia 4500 | ||
|---|---|---|---|
| 003 | OSt | ||
| 005 | 20221007074700.0 | ||
| 006 | a|||||r|||| 00| 0 | ||
| 007 | ta | ||
| 008 | 221006b |||||||| |||| 00| 0 eng d | ||
| 020 | _cRs. 990/- | ||
| 024 | _a7,893 | ||
| 037 | _cTextual | ||
| 040 |
_aFLL _cFLL _beng |
||
| 041 |
_2eng _aeng |
||
| 082 | _aXM55:Z2qN56, N5.1 | ||
| 100 | _aRamaiya A | ||
| 245 | 0 | _aCompany act | |
| 250 | _a13th | ||
| 260 |
_aNagpur _bWadhwa and Company India _c1995 |
||
| 300 |
_accxxii,2336p,207p _ccm. |
||
| 490 | _v1 | ||
| 942 |
_hXM55:Z2qN56, N5.1 _cTEXL _2CC |
||
| 999 |
_c1153315 _d1153315 |
||